000 00345nam a2200133 a 4500
005 20140414131903.0
008 100922s19uu xx 00 eng d
050 _aFIC
_bD85 2000
100 _aDubowski, Cathy East
245 _aIt takes two!.
260 _aNew York :
_bNickelodeon,
_c2000.
440 _aRugrats chapter book
999 _c110791
_d110791